[Event "Niedersachsen-ch"]
[Site "Verden an der Aller"]
[Date "2024.01.04"]
[Round "1"]
[White "Oest, Thorsten"]
[Black "Polster, Christian"]
[Result "0-1"]
[WhiteElo "1981"]
[BlackElo "2244"]
[PlyCount "56"]
[EventDate "2024.01.04"]
[EventType "swiss"]
[EventRounds "7"]
[EventCountry "GER"]
[SourceTitle "CB02_2024"]
[SourceDate "2024.01.10"]
[SourceVersion "1"]
[SourceVersionDate "2024.01.10"]
[SourceQuality "1"]

1. e4 c5 2. Nf3 d6 3. c4 Bg4 4. d4 Bxf3 5. gxf3 cxd4 6. Qxd4 Nc6 7. Qc3 Nf6 8. Bg5 e5 9. Be3 d5 10. Qb3 Bb4+ 11. Bd2 Nd4 12. Qa4+ b5 13. cxb5 Nxf3+ 14. Ke2 Nd4+ 15. Ke1 Bxd2+ 16. Nxd2 0-0 17. Bg2 Nxe4 18. Nxe4 dxe4 19. h4 f5 20. Kf1 Qd5 21. Rh3 f4 22. Kg1 Ne2+ 23. Kh2 f3 24. Bf1 Qd4 25. Qb3+ Kh8 26. Qe3 Rad8 27. Bxe2 Qxe3 28. fxe3 Rd2 0-1

[Event "Titled Tuesday intern op 20th Dec Late"]
[Site "Chess.com INT"]
[Date "2022.12.20"]
[Round "1"]
[White "Polster, Christian"]
[Black "Krishnan, Varun"]
[Result "0-1"]
[WhiteElo "2235"]
[BlackElo "2364"]
[PlyCount "50"]
[EventDate "2022.12.20"]
[EventType "swiss (blitz)"]
[EventRounds "11"]
[EventCountry "USA"]
[SourceTitle "EXT 2024"]
[Source "ChessBase"]
[SourceDate "2023.10.10"]
[SourceVersion "1"]
[SourceVersionDate "2023.10.10"]
[SourceQuality "1"]

1. e4 e5 2. Nf3 Nc6 3. Bc4 Nf6 4. Ng5 d5 5. exd5 Na5 6. Bb5+ Bd7 7. Qe2 Bd6 8. Nc3 0-0 9. Bxd7 Qxd7 10. 0-0 c6 11. dxc6 Nxc6 12. Nf3 Rfe8 13. d3 Nd4 14. Nxd4 exd4 15. Ne4 Nxe4 16. dxe4 Qc6 17. f3 Rac8 18. Rf2 Qb6 19. Qd3 Bb8 20. b3 Rc3 21. Qd1 Qd6 22. Bb2 Qxh2+ 23. Kf1 Re3 24. Rd2 Bg3 25. Bxd4 Qh1# 0-1

[Event "Titled Tuesday intern op 20th Dec Late"]
[Site "Chess.com INT"]
[Date "2022.12.20"]
[Round "8"]
[White "Suder, Jakub"]
[Black "Polster, Christian"]
[Result "0-1"]
[WhiteElo "2244"]
[BlackElo "2235"]
[PlyCount "106"]
[EventDate "2022.12.20"]
[EventType "swiss (blitz)"]
[EventRounds "11"]
[EventCountry "USA"]
[SourceTitle "EXT 2024"]
[Source "ChessBase"]
[SourceDate "2023.10.10"]
[SourceVersion "1"]
[SourceVersionDate "2023.10.10"]
[SourceQuality "1"]

1. d4 d5 2. c4 e6 3. Nc3 c6 4. e4 dxe4 5. Nxe4 Bb4+ 6. Bd2 Qxd4 7. Bxb4 Qxe4+ 8. Be2 Na6 9. Ba5 b6 10. Qd6 Bd7 11. Rd1 0-0-0 12. Bc3 Nf6 13. Nf3 c5 14. Ne5 Ba4 15. f3 Rxd6 16. fxe4 Bxd1 17. Nxf7 Rd7 18. Nxh8 Bxe2 19. Kxe2 Nxe4 20. Rf1 Nxc3+ 21. bxc3 Nb8 22. Rf8+ Kc7 23. Nf7 Nc6 24. Ng5 h6 25. Nxe6+ Kd6 26. Nf4 Re7+ 27. Kf2 Ne5 28. Rd8+ Kc6 29. Nd5 Rf7+ 30. Kg3 Nxc4 31. Nf4 Nd6 32. Ng6 Ne4+ 33. Kh3 Kc7 34. Ra8 Kb7 35. Re8 Nxc3 36. Ne5 Rc7 37. a3 Nb1 38. Nc4 b5 39. Na5+ Ka6 40. Nb3 Nxa3 41. Re6+ Kb7 42. Na5+ Kc8 43. Re8+ Kd7 44. Rg8 Kd6 45. Rd8+ Ke6 46. Kg4 c4 47. Re8+ Kf7 48. Re3 b4 49. Rf3+ Kg6 50. h4 b3 51. h5+ Kh7 52. Nxc4 Rxc4+ 53. Kh3 Rb4 0-1

[Event "EU-ch Blitz"]
[Site "Katowice"]
[Date "2022.12.16"]
[Round "10"]
[White "Polster, Christian"]
[Black "Krzyzanowski, Marcin"]
[Result "0-1"]
[WhiteElo "2235"]
[BlackElo "2538"]
[PlyCount "72"]
[EventDate "2022.12.16"]
[EventType "swiss (blitz)"]
[EventRounds "22"]
[EventCountry "POL"]
[SourceTitle "CBM 211 Extra"]
[Source "ChessBase"]
[SourceDate "2023.01.31"]
[SourceVersion "1"]
[SourceVersionDate "2023.01.31"]
[SourceQuality "1"]

1. e4 c5 2. Nc3 d6 3. g3 g6 4. Nge2 Bg7 5. d4 cxd4 6. Nxd4 Nc6 7. Nb3 Nf6 8. Bg2 0-0 9. 0-0 a5 10. a4 Nb4 11. h3 Bd7 12. Nd5 Nfxd5 13. exd5 Bf5 14. c3 Bc2 15. Qd2 Bxb3 16. cxb4 Qb6 17. Re1 Qxb4 18. Qxb4 axb4 19. a5 Rfe8 20. Bd2 Bc4 21. Bxb4 Bxb2 22. Rab1 Bf6 23. Bd2 Ba6 24. Bf1 Rec8 25. Bxa6 bxa6 26. Rb6 Rc5 27. Bh6 Rxa5 28. Reb1 Ra1 29. Rxa1 Bxa1 30. Bg5 f6 31. Be3 a5 32. Rb3 a4 33. Ra3 Bb2 34. Ra2 a3 35. Kf1 Ra5 36. Ke2 Rxd5 0-1

[Event "Titled Tuesday intern op 13th Dec Late"]
[Site "Chess.com INT"]
[Date "2022.12.13"]
[Round "4"]
[White "Dias, Joao Batista de Sou"]
[Black "Polster, Christian"]
[Result "0-1"]
[WhiteElo "1796"]
[BlackElo "2235"]
[PlyCount "48"]
[EventDate "2022.12.13"]
[EventType "swiss (blitz)"]
[EventRounds "11"]
[EventCountry "USA"]
[SourceTitle "EXT 2024"]
[Source "ChessBase"]
[SourceDate "2023.10.10"]
[SourceVersion "1"]
[SourceVersionDate "2023.10.10"]
[SourceQuality "1"]

1. e4 c5 2. Nf3 d6 3. b3 Nf6 4. Nc3 Nc6 5. h3 g6 6. Bb5 Bg7 7. Bxc6+ bxc6 8. Bb2 0-0 9. d3 d5 10. 0-0 c4 11. Rb1 d4 12. Ne2 c3 13. Bc1 Ne8 14. a4 e5 15. Ba3 Nd6 16. Nh2 f5 17. exf5 Nxf5 18. Bxf8 Bxf8 19. g4 Nh4 20. Ng3 Bh6 21. Qe2 Bf4 22. Nf3 Be6 23. Nxe5 Bxe5 24. Qxe5 Nf3+ 0-1

[Event "Titled Tuesday intern op 13th Dec Late"]
[Site "Chess.com INT"]
[Date "2022.12.13"]
[Round "8"]
[White "Joubert, Dantelle"]
[Black "Polster, Christian"]
[Result "0-1"]
[WhiteElo "1566"]
[BlackElo "2235"]
[PlyCount "50"]
[EventDate "2022.12.13"]
[EventType "swiss (blitz)"]
[EventRounds "11"]
[EventCountry "USA"]
[SourceTitle "EXT 2024"]
[Source "ChessBase"]
[SourceDate "2023.10.10"]
[SourceVersion "1"]
[SourceVersionDate "2023.10.10"]
[SourceQuality "1"]

1. d4 d5 2. c4 e6 3. Nc3 c6 4. Nf3 dxc4 5. a4 Bb4 6. e3 b5 7. Be2 Bb7 8. 0-0 a6 9. Ne5 Nf6 10. Bf3 Qb6 11. e4 Nbd7 12. Be3 c5 13. Nxd7 Nxd7 14. d5 0-0 15. dxe6 Ne5 16. e7 Nxf3+ 17. Qxf3 Rfe8 18. axb5 axb5 19. Rxa8 Bxa8 20. Ra1 Bxc3 21. bxc3 Qc6 22. Qf5 Rxe7 23. Qxc5 Qxe4 24. Qc8+ Re8 25. Rxa8 Qb1+ 0-1

[Event "Titled Tuesday intern op 13th Dec Late"]
[Site "Chess.com INT"]
[Date "2022.12.13"]
[Round "5"]
[White "Polster, Christian"]
[Black "Castillo Pena, Patricia Evarista"]
[Result "1-0"]
[WhiteElo "2235"]
[BlackElo "1788"]
[PlyCount "53"]
[EventDate "2022.12.13"]
[EventType "swiss (blitz)"]
[EventRounds "11"]
[EventCountry "USA"]
[SourceTitle "EXT 2024"]
[Source "ChessBase"]
[SourceDate "2023.10.10"]
[SourceVersion "1"]
[SourceVersionDate "2023.10.10"]
[SourceQuality "1"]

1. e4 c5 2. Nc3 Nc6 3. Nge2 Nf6 4. g3 d6 5. Bg2 g6 6. d4 cxd4 7. Nxd4 Bg7 8. Nb3 Be6 9. 0-0 0-0 10. Nd5 Rc8 11. Re1 Bxd5 12. exd5 Nb4 13. c3 Na6 14. Nd4 Nc5 15. Bg5 h6 16. Be3 Qd7 17. h3 a6 18. a4 b5 19. axb5 axb5 20. Nc6 Rfe8 21. Qe2 e6 22. dxe6 Rxe6 23. Nd4 Ree8 24. Qxb5 Qxb5 25. Nxb5 Rb8 26. Nxd6 Red8 27. Bxc5 1-0

[Event "Titled Tuesday intern op 13th Dec Late"]
[Site "Chess.com INT"]
[Date "2022.12.13"]
[Round "9"]
[White "Polster, Christian"]
[Black "Kanyamarala, Trisha"]
[Result "1-0"]
[WhiteElo "2235"]
[BlackElo "2205"]
[PlyCount "79"]
[EventDate "2022.12.13"]
[EventType "swiss (blitz)"]
[EventRounds "11"]
[EventCountry "USA"]
[SourceTitle "EXT 2024"]
[Source "ChessBase"]
[SourceDate "2023.10.10"]
[SourceVersion "1"]
[SourceVersionDate "2023.10.10"]
[SourceQuality "1"]

1. e4 c5 2. Nc3 Nc6 3. Nge2 g6 4. d4 cxd4 5. Nxd4 Bg7 6. Be3 d6 7. Bc4 Nf6 8. f3 0-0 9. Bb3 a6 10. Qd2 Nxd4 11. Bxd4 b5 12. 0-0-0 Bb7 13. Kb1 b4 14. Nd5 Nxd5 15. Bxd5 Bxd5 16. exd5 Qa5 17. Bxg7 Kxg7 18. g4 Rac8 19. h4 h6 20. h5 g5 21. f4 gxf4 22. Qxf4 Qc5 23. Qf5 e6 24. dxe6 Qxf5 25. gxf5 fxe6 26. fxe6 Kf6 27. Rxd6 Ke7 28. Rxa6 Rf2 29. Rc1 Rc5 30. Ra7+ Kxe6 31. Ra6+ Kf7 32. Rxh6 Kg7 33. Rg6+ Kf7 34. Rb6 Rc4 35. h6 Rh2 36. b3 Rf4 37. Kb2 Kg8 38. Rg1+ Kf7 39. Rg7+ Kf8 40. Rb8# 1-0

[Event "Titled Tuesday intern op 13th Dec Late"]
[Site "Chess.com INT"]
[Date "2022.12.13"]
[Round "7"]
[White "Przybylski, Wojciech"]
[Black "Polster, Christian"]
[Result "1-0"]
[WhiteElo "2321"]
[BlackElo "2235"]
[PlyCount "63"]
[EventDate "2022.12.13"]
[EventType "swiss (blitz)"]
[EventRounds "11"]
[EventCountry "USA"]
[SourceTitle "EXT 2024"]
[Source "ChessBase"]
[SourceDate "2023.10.10"]
[SourceVersion "1"]
[SourceVersionDate "2023.10.10"]
[SourceQuality "1"]

1. e4 c5 2. Nf3 d6 3. Bb5+ Bd7 4. Bxd7+ Qxd7 5. c4 Nc6 6. Nc3 Nf6 7. 0-0 g6 8. d3 Bg7 9. h3 0-0 10. Be3 Rfc8 11. Qd2 Ne8 12. Bh6 Bh8 13. Rae1 Nc7 14. Ng5 Nd4 15. f4 Nce6 16. Nf3 Nxf3+ 17. Rxf3 Nd4 18. Rg3 b5 19. f5 Rab8 20. Nd5 bxc4 21. dxc4 Rxb2 22. Qd3 Rcb8 23. Bg5 Re8 24. f6 e6 25. Ne7+ Rxe7 26. fxe7 Be5 27. Rg4 f6 28. Bc1 Rxa2 29. Qb1 Ne2+ 30. Rxe2 Rxe2 31. Qb8+ Kg7 32. Qf8# 1-0

[Event "Titled Tuesday intern op 13th Dec Late"]
[Site "Chess.com INT"]
[Date "2022.12.13"]
[Round "1"]
[White "Suder, Jakub"]
[Black "Polster, Christian"]
[Result "1-0"]
[WhiteElo "2244"]
[BlackElo "2235"]
[PlyCount "43"]
[EventDate "2022.12.13"]
[EventType "swiss (blitz)"]
[EventRounds "11"]
[EventCountry "USA"]
[SourceTitle "EXT 2024"]
[Source "ChessBase"]
[SourceDate "2023.10.10"]
[SourceVersion "1"]
[SourceVersionDate "2023.10.10"]
[SourceQuality "1"]

1. d4 d5 2. c4 e6 3. Nc3 c6 4. e4 dxe4 5. Nxe4 Bb4+ 6. Bd2 Qxd4 7. Bxb4 Qxe4+ 8. Be2 Na6 9. Ba5 b6 10. Qd6 Bd7 11. Rd1 0-0-0 12. Bc3 Nf6 13. Nf3 c5 14. Qg3 Ba4 15. Nd2 Qg6 16. Qf3 Bxd1 17. Qa8+ Nb8 18. Bxd1 Qf5 19. Bf3 Rd7 20. a4 Rhd8 21. 0-0 Rxd2 22. Qb7# 1-0

[Event "Titled Tuesday intern op 06th Dec Late"]
[Site "Chess.com INT"]
[Date "2022.12.06"]
[Round "3"]
[White "Korkmaz, Necmettin"]
[Black "Polster, Christian"]
[Result "1/2-1/2"]
[WhiteElo "2077"]
[BlackElo "2235"]
[PlyCount "117"]
[EventDate "2022.12.06"]
[EventType "swiss (blitz)"]
[EventRounds "11"]
[EventCountry "USA"]
[SourceTitle "CBM 211 Extra"]
[Source "ChessBase"]
[SourceDate "2023.01.31"]
[SourceVersion "1"]
[SourceVersionDate "2023.01.31"]
[SourceQuality "1"]

1. e4 c5 2. Nc3 Nc6 3. f4 e6 4. Nf3 d5 5. Bb5 Nge7 6. exd5 exd5 7. Qe2 Bg4 8. 0-0 Qb6 9. Nxd5 Qd8 10. Nxe7 Bxe7 11. Re1 Bxf3 12. Qxf3 0-0 13. Bxc6 bxc6 14. Qxc6 Rc8 15. Qe4 Bf6 16. d3 Qd7 17. Qc4 Bd4+ 18. Kf1 Rfe8 19. Bd2 Bxb2 20. Rab1 Bd4 21. Bc3 Bxc3 22. Qxc3 Qg4 23. g3 Qf3+ 24. Kg1 h5 25. Qd2 h4 26. Qg2 Qg4 27. Kf2 c4 28. d4 c3 29. Re4 Rxe4 30. Qxe4 Qh3 31. Re1 Qxh2+ 32. Qg2 hxg3+ 33. Kf3 Qxg2+ 34. Kxg2 Rd8 35. Rd1 Rb8 36. Kxg3 Rb2 37. d5 Rxc2 38. Kf3 Rd2 39. Rxd2 cxd2 40. Ke2 Kf8 41. Kxd2 Ke7 42. Kd3 Kd6 43. Kd4 g6 44. Ke4 f6 45. Kd4 g5 46. fxg5 fxg5 47. Ke4 a5 48. a4 g4 49. Kf4 Kxd5 50. Kxg4 Kc4 51. Kf3 Kb4 52. Ke2 Kxa4 53. Kd1 Kb3 54. Kc1 Ka2 55. Kc2 a4 56. Kc1 a3 57. Kc2 Ka1 58. Kc1 a2 59. Kc2 1/2-1/2

[Event "Titled Tuesday intern op 06th Dec Late"]
[Site "Chess.com INT"]
[Date "2022.12.06"]
[Round "11"]
[White "Polster, Christian"]
[Black "Adewumi, Tanitoluwa"]
[Result "1-0"]
[WhiteElo "2235"]
[BlackElo "2314"]
[PlyCount "113"]
[EventDate "2022.12.06"]
[EventType "swiss (blitz)"]
[EventRounds "11"]
[EventCountry "USA"]
[SourceTitle "CBM 211 Extra"]
[Source "ChessBase"]
[SourceDate "2023.01.31"]
[SourceVersion "1"]
[SourceVersionDate "2023.01.31"]
[SourceQuality "1"]

1. e4 c5 2. Nc3 Nc6 3. Nge2 e6 4. g3 Nf6 5. Bg2 d5 6. exd5 exd5 7. d4 cxd4 8. Nxd4 Bc5 9. Nb3 Bb6 10. 0-0 Be6 11. Bg5 0-0 12. Na4 h6 13. Nxb6 axb6 14. Bf4 Ne4 15. c3 b5 16. a3 Qf6 17. Be3 Rfc8 18. Nd4 Ne5 19. Nxb5 Nc4 20. Bd4 Qg6 21. b3 Na5 22. a4 Bf5 23. Re1 Be6 24. f3 Nf6 25. Bf1 Nd7 26. Nd6 Qh5 27. Nxc8 Rxc8 28. Bg2 Rc6 29. b4 Nc4 30. a5 Rc8 31. a6 bxa6 32. Rxa6 Qf5 33. Qb1 Qg5 34. Qc1 Qf5 35. b5 Nc5 36. Ra7 Nd3 37. Qd1 Ncb2 38. Qb1 Nxe1 39. Qxe1 Qc2 40. Qf2 Qd1+ 41. Bf1 Nd3 42. Qe2 Qxe2 43. Bxe2 Nc1 44. Bf1 Nb3 45. b6 Nxd4 46. cxd4 Kh7 47. b7 Rb8 48. Ba6 Rd8 49. Ra8 Rd6 50. b8Q Rc6 51. Qb7 Rc1+ 52. Kf2 Rh1 53. Bf1 Rxh2+ 54. Kg1 Rd2 55. Qc6 Rxd4 56. Qc2+ f5 57. Ra7 1-0

[Event "Titled Tuesday intern op 06th Dec Late"]
[Site "Chess.com INT"]
[Date "2022.12.06"]
[Round "7"]
[White "Torres Dominguez, David"]
[Black "Polster, Christian"]
[Result "1-0"]
[WhiteElo "1998"]
[BlackElo "2235"]
[PlyCount "43"]
[EventDate "2022.12.06"]
[EventType "swiss (blitz)"]
[EventRounds "11"]
[EventCountry "USA"]
[SourceTitle "CBM 211 Extra"]
[Source "ChessBase"]
[SourceDate "2023.01.31"]
[SourceVersion "1"]
[SourceVersionDate "2023.01.31"]
[SourceQuality "1"]

1. e4 c5 2. Nf3 d6 3. d4 cxd4 4. Nxd4 Nf6 5. Nc3 a6 6. f4 e6 7. Be2 Be7 8. 0-0 b5 9. a3 Bb7 10. Bf3 Qc7 11. e5 dxe5 12. fxe5 Nfd7 13. Bxb7 Qxb7 14. Qg4 Bc5 15. Be3 0-0 16. Ne4 Nxe5 17. Nf6+ Kh8 18. Qh4 h6 19. Bxh6 Bxd4+ 20. Kh1 gxf6 21. Qxf6+ Kh7 22. Qg7# 1-0

[Event "Titled Tuesday intern op 22nd Nov Late"]
[Site "Chess.com INT"]
[Date "2022.11.22"]
[Round "2"]
[White "Pinheiro, Iung Alicio"]
[Black "Polster, Christian"]
[Result "1-0"]
[WhiteElo "2320"]
[BlackElo "2235"]
[PlyCount "101"]
[EventDate "2022.11.22"]
[EventType "swiss (blitz)"]
[EventRounds "11"]
[EventCountry "USA"]
[SourceTitle "CBM 211 Extra"]
[Source "ChessBase"]
[SourceDate "2023.01.31"]
[SourceVersion "1"]
[SourceVersionDate "2023.01.31"]
[SourceQuality "1"]

1. e4 c5 2. Nf3 d6 3. Bc4 Nf6 4. d3 Nc6 5. 0-0 Bg4 6. Nbd2 e6 7. h3 Bxf3 8. Nxf3 Be7 9. c3 0-0 10. Bb3 d5 11. e5 Nd7 12. Re1 b5 13. d4 b4 14. cxb4 cxd4 15. a3 Qb6 16. Bc2 Rfc8 17. Qd3 g6 18. h4 Bxb4 19. Re2 Bf8 20. Qd1 Nc5 21. Nxd4 Nxd4 22. Qxd4 Rab8 23. h5 Nb3 24. Qxb6 Rxb6 25. Bxb3 Rxb3 26. Be3 a5 27. hxg6 hxg6 28. Bd4 Rc4 29. Rd1 a4 30. g3 Kg7 31. Kg2 Bc5 32. Bxc5 Rxc5 33. Rd4 Rc4 34. Rxc4 dxc4 35. Re4 c3 36. bxc3 Rxa3 37. Rc4 Ra1 38. Rc7 a3 39. Ra7 Kf8 40. c4 Ke8 41. c5 Kd8 42. Rxf7 Kc8 43. Ra7 Kb8 44. Ra5 a2 45. Kf3 Kb7 46. Kf4 Kc6 47. Kg5 Rf1 48. Rxa2 Kxc5 49. Kxg6 Kd5 50. Re2 Rh1 51. g4 1-0

[Event "Titled Tuesday intern op 22nd Nov Late"]
[Site "Chess.com INT"]
[Date "2022.11.22"]
[Round "3"]
[White "Polster, Christian"]
[Black "Aggelis, Nikolaos"]
[Result "0-1"]
[WhiteElo "2235"]
[BlackElo "2278"]
[PlyCount "174"]
[EventDate "2022.11.22"]
[EventType "swiss (blitz)"]
[EventRounds "11"]
[EventCountry "USA"]
[SourceTitle "CBM 211 Extra"]
[Source "ChessBase"]
[SourceDate "2023.01.31"]
[SourceVersion "1"]
[SourceVersionDate "2023.01.31"]
[SourceQuality "1"]

1. e4 c6 2. d4 d5 3. Nc3 dxe4 4. Nxe4 Bf5 5. Ng3 Bg6 6. h4 h6 7. Nf3 Nd7 8. h5 Bh7 9. Bd3 Bxd3 10. Qxd3 Ngf6 11. Bf4 e6 12. 0-0-0 Qa5 13. Kb1 Nd5 14. Bd2 Qc7 15. Ne2 Be7 16. g4 0-0-0 17. a3 Rhe8 18. c4 N5f6 19. g5 hxg5 20. Nxg5 Ne5 21. Qc2 Neg4 22. Nxf7 Nxf2 23. Nxd8 Qxd8 24. h6 gxh6 25. Rxh6 Nxd1 26. Qxd1 Bf8 27. Rh3 Ne4 28. Bf4 Bd6 29. Re3 Nf2 30. Qg1 Bxf4 31. Nxf4 Qxd4 32. Qxf2 Rf8 33. Rf3 Qxc4 34. Nxe6 Rxf3 35. Qxf3 Qxe6 36. Qd3 Kc7 37. Kc2 Qd6 38. Qh7+ Qd7 39. Qh2+ Qd6 40. Qh7+ Kb6 41. Qf5 a5 42. Qf3 Qd5 43. Qh3 Qd6 44. Qh7 Qe5 45. Kc1 Qd5 46. Kc2 Qc4+ 47. Kb1 a4 48. Ka1 Ka6 49. Kb1 Qe2 50. Ka1 Kb6 51. Kb1 Qd1+ 52. Ka2 Qd5+ 53. Kb1 c5 54. Qg6+ Qc6 55. Qd3 Qe6 56. Qc3 Qb3 57. Qf6+ Kb5 58. Qf1+ Qc4 59. Qf5 Qd4 60. Qf7 Qd3+ 61. Ka1 Qd1+ 62. Ka2 Qh1 63. Qe7 Qd5+ 64. Kb1 Kb6 65. Qe3 Qd4 66. Qe6+ Kb5 67. Qe2+ Qc4 68. Qe8+ Kb6 69. Qd8+ Ka6 70. Qd6+ Ka7 71. Qc7 Qf1+ 72. Ka2 Qb5 73. Qd8 c4 74. Qd4+ Ka6 75. Qd6+ b6 76. Qb8 Qb3+ 77. Kb1 Qd3+ 78. Ka2 Qb3+ 79. Kb1 c3 80. Qa8+ Kb5 81. Qe8+ Kc5 82. Qe7+ Kd4 83. Qf6+ Kd3 84. Qf3+ Kc4 85. Qe4+ Kb5 86. Qe8+ Kc5 87. Qe6 Qxe6 0-1

[Event "Titled Tuesday intern op 22nd Nov Late"]
[Site "Chess.com INT"]
[Date "2022.11.22"]
[Round "8"]
[White "Polster, Christian"]
[Black "Roque Sola, Jose Luis"]
[Result "1-0"]
[WhiteElo "2235"]
[BlackElo "2217"]
[PlyCount "111"]
[EventDate "2022.11.22"]
[EventType "swiss (blitz)"]
[EventRounds "11"]
[EventCountry "USA"]
[SourceTitle "CBM 211 Extra"]
[Source "ChessBase"]
[SourceDate "2023.01.31"]
[SourceVersion "1"]
[SourceVersionDate "2023.01.31"]
[SourceQuality "1"]

1. e4 e6 2. d4 d5 3. Nc3 Nf6 4. Bg5 dxe4 5. Nxe4 Be7 6. Bxf6 gxf6 7. Nf3 b6 8. Bb5+ c6 9. Bd3 Bb7 10. 0-0 Qc7 11. Re1 Nd7 12. a4 a5 13. Qd2 h5 14. c3 0-0-0 15. b4 Rdg8 16. bxa5 bxa5 17. h4 Rg4 18. Rab1 c5 19. Rxb7 Kxb7 20. Qb2+ Ka7 21. Qb5 Qb6 22. Qxd7+ Qb7 23. Qxb7+ Kxb7 24. dxc5 Rhg8 25. g3 f5 26. Nd6+ Bxd6 27. cxd6 Kc6 28. Ne5+ Kxd6 29. Nxg4 Rxg4 30. Bb5 f4 31. Kg2 fxg3 32. fxg3 f5 33. Kf3 e5 34. Rd1+ Kc5 35. Rd8 e4+ 36. Kf2 e3+ 37. Kf3 Re4 38. Ke2 Rg4 39. Kf3 Re4 40. Rc8+ Kb6 41. Rf8 e2 42. Bxe2 Rxa4 43. Rxf5 Ra3 44. Rxh5 Rxc3+ 45. Kf2 a4 46. g4 a3 47. Rh6+ Kc5 48. Ra6 Kb4 49. h5 Rc5 50. h6 Kb3 51. h7 Rc8 52. g5 a2 53. g6 Kb2 54. g7 a1Q 55. Rxa1 Kxa1 56. h8Q 1-0

[Event "Titled Tuesday intern op 22nd Nov Late"]
[Site "Chess.com INT"]
[Date "2022.11.22"]
[Round "5"]
[White "Sabuk, Piotr"]
[Black "Polster, Christian"]
[Result "1-0"]
[WhiteElo "2426"]
[BlackElo "2235"]
[PlyCount "143"]
[EventDate "2022.11.22"]
[EventType "swiss (blitz)"]
[EventRounds "11"]
[EventCountry "USA"]
[SourceTitle "CBM 211 Extra"]
[Source "ChessBase"]
[SourceDate "2023.01.31"]
[SourceVersion "1"]
[SourceVersionDate "2023.01.31"]
[SourceQuality "1"]

1. d4 d5 2. c4 Nf6 3. cxd5 g5 4. Bxg5 Ne4 5. Bf4 e5 6. dxe5 Bb4+ 7. Nd2 Qxd5 8. Ngf3 Bg4 9. a3 Ba5 10. b4 Bb6 11. Nxe4 Qxe4 12. e3 Nc6 13. Bd3 Qd5 14. Be2 0-0-0 15. Qxd5 Rxd5 16. h3 Bh5 17. Bc4 Rd7 18. e6 Re7 19. exf7 Bxf7 20. Rc1 Rd8 21. Bg5 Bxc4 22. Bxe7 Re8 23. Rxc4 Rxe7 24. 0-0 a5 25. b5 Na7 26. a4 Kb8 27. Rb1 Nc8 28. Kf1 Nd6 29. Rf4 Bc5 30. g4 b6 31. h4 Bb4 32. Rc1 Ne4 33. Nd4 Kb7 34. Nc6 Re8 35. Kg2 Nc5 36. Nxb4 axb4 37. Rxb4 Nd3 38. Rcc4 Nxb4 39. Rxb4 Rd8 40. Rd4 Ra8 41. g5 c5 42. bxc6+ Kxc6 43. Kf3 Kc5 44. h5 Rf8+ 45. Ke2 Rg8 46. Rg4 b5 47. axb5 Kxb5 48. g6 hxg6 49. hxg6 Kc5 50. f4 Kd5 51. Rg5+ Ke6 52. Kf3 Kf6 53. e4 Rb8 54. e5+ Ke6 55. g7 Rg8 56. Ke4 Kf7 57. f5 Rxg7 58. e6+ Kf6 59. Rxg7 Kxg7 60. Ke5 Kf8 61. f6 Ke8 62. Kd6 Kf8 63. Kd7 Kg8 64. e7 Kh7 65. f7 Kg6 66. f8Q Kg5 67. Ke6 Kg4 68. Qg7+ Kf4 69. e8Q Ke4 70. Kf7+ Kd5 71. Qg5+ Kd6 72. Qge5# 1-0

[Event "Titled Tuesday intern op 08th Nov Late"]
[Site "Chess.com INT"]
[Date "2022.11.08"]
[Round "1"]
[White "Al Tarbosh, Ward"]
[Black "Polster, Christian"]
[Result "1-0"]
[WhiteElo "2238"]
[BlackElo "2235"]
[PlyCount "63"]
[EventDate "2022.11.08"]
[EventType "swiss (blitz)"]
[EventRounds "11"]
[EventCountry "USA"]
[SourceTitle "EXT 2024"]
[Source "ChessBase"]
[SourceDate "2023.10.10"]
[SourceVersion "1"]
[SourceVersionDate "2023.10.10"]
[SourceQuality "1"]

1. e4 c5 2. Nf3 d6 3. d4 cxd4 4. Nxd4 Nf6 5. Nc3 a6 6. h3 e6 7. g4 Nfd7 8. Bg2 Be7 9. Be3 b5 10. Qd2 Bb7 11. 0-0-0 Ne5 12. Kb1 Nc4 13. Qe2 Nxe3 14. Qxe3 Nd7 15. f4 b4 16. Nce2 Qb6 17. Qg3 a5 18. e5 Bxg2 19. Qxg2 d5 20. f5 0-0 21. g5 exf5 22. Nxf5 Bc5 23. Rxd5 Rfd8 24. Rxd7 Rxd7 25. Qxa8+ Rd8 26. Qe4 a4 27. Qc4 Bg1 28. Nd6 Qb7 29. Nxb7 Rd1+ 30. Nc1 Be3 31. Qc8+ Rd8 32. Qxd8# 1-0

[Event "Titled Tuesday intern op 08th Nov Late"]
[Site "Chess.com INT"]
[Date "2022.11.08"]
[Round "4"]
[White "Kanakaris, Georgios"]
[Black "Polster, Christian"]
[Result "1-0"]
[WhiteElo "2391"]
[BlackElo "2235"]
[PlyCount "119"]
[EventDate "2022.11.08"]
[EventType "swiss (blitz)"]
[EventRounds "11"]
[EventCountry "USA"]
[SourceTitle "EXT 2024"]
[Source "ChessBase"]
[SourceDate "2023.10.10"]
[SourceVersion "1"]
[SourceVersionDate "2023.10.10"]
[SourceQuality "1"]

1. d4 f5 2. e4 fxe4 3. Nc3 Nf6 4. Bg5 e6 5. Nxe4 Be7 6. Bxf6 Bxf6 7. Nf3 0-0 8. Bd3 Nc6 9. c3 d5 10. Nxf6+ Qxf6 11. Qe2 Re8 12. Bb5 Bd7 13. Bxc6 Bxc6 14. 0-0 a6 15. a4 a5 16. Ne5 Re7 17. f4 Be8 18. b3 Bg6 19. Nxg6 Qxg6 20. Rae1 Rf8 21. Rf2 Rf5 22. Qb5 b6 23. Qc6 Qe8 24. Qxe8+ Rxe8 25. g3 h5 26. b4 axb4 27. cxb4 Kf7 28. Rc2 Ra8 29. Rxc7+ Kf6 30. Rc6 Rxa4 31. Rxb6 g5 32. Rbxe6+ Kf7 33. Re7+ Kf8 34. R7e5 Rxe5 35. Rxe5 gxf4 36. gxf4 Rxb4 37. Rxd5 Kf7 38. Kg2 Ke6 39. Re5+ Kf6 40. Re4 Kf5 41. Kf3 Rb3+ 42. Re3 Rb2 43. Re5+ Kf6 44. Rxh5 Rd2 45. Ke4 Re2+ 46. Kd5 Rf2 47. f5 Rf1 48. Kd6 Rd1 49. d5 Rd2 50. Kc6 Rc2+ 51. Kd7 Rd2 52. d6 Ke5 53. f6+ Kxf6 54. Kc7 Ke6 55. Rh6+ Ke5 56. d7 Rc2+ 57. Rc6 Rd2 58. d8Q Rxd8 59. Kxd8 Kd5 60. Rg6 1-0

[Event "Titled Tuesday intern op 08th Nov Late"]
[Site "Chess.com INT"]
[Date "2022.11.08"]
[Round "8"]
[White "Polster, Christian"]
[Black "Arencibia Monduy, Antonio"]
[Result "1-0"]
[WhiteElo "2235"]
[BlackElo "2100"]
[PlyCount "71"]
[EventDate "2022.11.08"]
[EventType "swiss (blitz)"]
[EventRounds "11"]
[EventCountry "USA"]
[SourceTitle "EXT 2024"]
[Source "ChessBase"]
[SourceDate "2023.10.10"]
[SourceVersion "1"]
[SourceVersionDate "2023.10.10"]
[SourceQuality "1"]

1. e4 c6 2. d4 d6 3. Nc3 Qc7 4. h3 e5 5. Nf3 Nf6 6. g4 h6 7. Bg2 Be7 8. 0-0 0-0 9. a4 Nxg4 10. hxg4 Bxg4 11. dxe5 dxe5 12. Qe1 Nd7 13. Be3 f5 14. Nh2 Bh5 15. exf5 Rxf5 16. Ne4 Bg6 17. Nf3 Raf8 18. Nfd2 Bh4 19. a5 Nf6 20. Bxa7 Ng4 21. Qe2 h5 22. Bc5 Ra8 23. Ra3 Rxa5 24. Bd6 Qd8 25. Rxa5 Qxa5 26. Nf3 Bd8 27. Nh2 Nxh2 28. Kxh2 h4 29. c3 Bh5 30. Qe3 Bb6 31. Bc5 Bc7 32. Bd6 Bd8 33. Qc5 Qa7 34. Qxa7 Rf4 35. Qb8 Kh7 36. Bh3 1-0